| 000 | 01278nam a22003497a 4500 | ||
|---|---|---|---|
| 005 | 20260123104611.0 | ||
| 008 | 260123b |||||||| |||| 00| 0 eng d | ||
| 010 | _a 2012028820 | ||
| 020 |
_a9780071780285 _qalk. paper |
||
| 020 |
_a0071780289 _qalk. paper |
||
| 035 | _a17464957 | ||
| 040 |
_aDLC _beng _cKMU _erda _dKMU |
||
| 050 | 0 | 0 | _aTK5105.59 |
| 100 | 1 | _aMcClure, Stuart. | |
| 240 | 1 | 0 | _aHacking exposed |
| 245 | 1 | 0 |
_aHacking exposed 7 : _bnetwork security secrets & solutions / _cStuart McClure, Joel Scambray, George Kurtz. |
| 264 | 1 |
_aNew York : _bMcGraw-Hill, _c[2012] |
|
| 264 | 4 | _c©2012 | |
| 300 |
_axxiv, 741 pages : _billustrations ; _c24 cm |
||
| 336 |
_atext _2rdacontent |
||
| 337 |
_aunmediated _2rdamedia |
||
| 338 |
_avolume _2rdacarrier |
||
| 500 | _aOriginally published: Hacking exposed : network security secrets and solutions / Stuart McClure, Joel Scambray, George Kurtz. 1999. | ||
| 650 | 0 |
_aComputer networks _xSecurity measures. |
|
| 650 | 0 | _aComputer security. | |
| 700 | 1 | _aMcclure, Stuart. | |
| 700 | 1 | _aScambray, Joel. | |
| 700 | 1 | _aKurtz, George. | |
| 906 |
_a7 _bcbc _corignew _d1 _eecip _f20 _gy-gencatlg |
||
| 942 |
_2lcc _cBK _n0 |
||
| 999 |
_c2542 _d2542 |
||